000 00339nam a2200145Ia 4500
008 090124s9999 xx 000 0 und d
082 _b305406
245 _a डफडं
250 _a1
260 _bगिरासे संजीव
_c2004
300 _a128
630 _a डफडं
730 _a डफडं
942 _cBOOK
999 _c195400
_d195400